000 00433 a2200145 4500
001 ART_7040
005 20260410161659.0
008 260409a
245 1 0 _aIndicadores agregados de actividad económica para Argentina
100 1 _aElosegui, Pedro
700 1 _aGaregnani, Lorena
700 1 _aLanteri, Luis
700 1 _aBlanco, Emilio
773 0 _tEnsayos Económicos
_g- Nº 51 (abr./sep. 2008)
_wREV620
999 _c15039
_d15039